| LEADER | 02374nam a2200289 4500 | ||
|---|---|---|---|
| 082 | |a 646.2071 |b NG527M | ||
| 100 | |a Nguyễn Minh Đường | ||
| 245 | |a Công nghệ 9: |b Cắt may: Sách giáo viên |c Nguyễn Minh Đường, Nguyễn Thị Hanh | ||
| 250 | |a Tái bản lần thứ nhất | ||
| 260 | |a H.: |b Giáo dục, |c 2006 | ||
| 300 | |a 64tr.; |c 24cm. | ||
| 520 | |a v.v... | ||
| 653 | |a Cắt may | ||
| 942 | |2 ddc |c STK0 | ||
| 999 | |c 12227 |d 12227 | ||
| 952 | |0 0 |1 0 |2 ddc |4 0 |6 646_207100000000000_NG527M |7 0 |8 600 |9 104730 |a qbu |b qbu |c D3 |d 2015-12-18 |g 2700 |o 646.2071 NG527M |p 11663.c1 |r 0000-00-00 |w 2015-12-18 |y STK0 | ||
| 952 | |0 0 |1 0 |2 ddc |4 0 |6 646_207100000000000_NG527M |7 0 |8 600 |9 104731 |a qbu |b qbu |c D3 |d 2015-12-18 |g 2700 |o 646.2071 NG527M |p 11663.c2 |r 0000-00-00 |w 2015-12-18 |y STK0 | ||
| 952 | |0 0 |1 0 |2 ddc |4 0 |6 646_207100000000000_NG527M |7 0 |8 600 |9 104732 |a qbu |b qbu |c D3 |d 2015-12-18 |g 2700 |o 646.2071 NG527M |p 11663.c3 |r 0000-00-00 |w 2015-12-18 |y STK0 | ||
| 952 | |0 0 |1 0 |2 ddc |4 0 |6 646_207100000000000_NG527M |7 0 |8 600 |9 104733 |a qbu |b qbu |c D3 |d 2015-12-18 |g 2700 |o 646.2071 NG527M |p 11663.c4 |r 0000-00-00 |w 2015-12-18 |y STK0 | ||
| 952 | |0 0 |1 0 |2 ddc |4 0 |6 646_207100000000000_NG527M |7 0 |8 600 |9 104734 |a qbu |b qbu |c D3 |d 2015-12-18 |g 2700 |o 646.2071 NG527M |p 11663.c5 |r 0000-00-00 |w 2015-12-18 |y STK0 | ||
| 952 | |0 0 |1 0 |2 ddc |4 0 |6 646_207100000000000_NG527M |7 0 |8 600 |9 104735 |a qbu |b qbu |c D3 |d 2015-12-18 |g 2700 |o 646.2071 NG527M |p 11663.c6 |r 0000-00-00 |w 2015-12-18 |y STK0 | ||
| 952 | |0 0 |1 0 |2 ddc |4 0 |6 646_207100000000000_NG527M |7 0 |8 600 |9 104736 |a qbu |b qbu |c D3 |d 2015-12-18 |g 2700 |o 646.2071 NG527M |p 11663.c7 |r 0000-00-00 |w 2015-12-18 |y STK0 | ||
| 952 | |0 0 |1 0 |2 ddc |4 0 |6 646_207100000000000_NG527M |7 0 |8 600 |9 104737 |a qbu |b qbu |c D3 |d 2015-12-18 |g 2700 |o 646.2071 NG527M |p 11663.c8 |r 0000-00-00 |w 2015-12-18 |y STK0 | ||
| 952 | |0 0 |1 0 |2 ddc |4 0 |6 646_207100000000000_NG527M |7 0 |8 600 |9 104738 |a qbu |b qbu |c D3 |d 2015-12-18 |g 2700 |o 646.2071 NG527M |p 11663.c9 |r 0000-00-00 |w 2015-12-18 |y STK0 | ||
| 952 | |0 0 |1 0 |2 ddc |4 0 |6 646_207100000000000_NG527M |7 0 |8 600 |9 104739 |a qbu |b qbu |c D3 |d 2015-12-18 |g 2700 |o 646.2071 NG527M |p 11663.c10 |r 0000-00-00 |w 2015-12-18 |y STK0 | ||
| 952 | |0 0 |1 0 |2 ddc |4 0 |6 646_207100000000000_NG527M |7 0 |8 600 |9 105181 |a qbu |b qbu |c D3 |d 2016-01-18 |g 4300 |o 646.2071 NG527M |p 11663.c11 |r 0000-00-00 |w 2016-01-18 |y STK0 | ||
| 952 | |0 0 |1 0 |2 ddc |4 0 |6 646_207100000000000_NG527M |7 0 |8 600 |9 105182 |a qbu |b qbu |c D3 |d 2016-01-18 |g 4300 |o 646.2071 NG527M |p 11663.c12 |r 0000-00-00 |w 2016-01-18 |y STK0 | ||